000 00677nam a2200217Ia 4500
005 20220218100346.0
008 210716s9999 xx 000 0 und d
020 _a9788180522285
040 _cAIMIT LIBRARY
041 _aeng
082 _a658.001
_21
_bBEGM
100 _aBeg, M.A.
_920716
245 _aManagerial economics /
_cBy M.A.Beg and Manoj Kumar Dash.
250 _a1st ed.
260 _aNew Delhi :
_bAne Books Pvt Ltd ,
_c2009 .
300 _axxii,512p. ;
_c24 cm.
650 _aModeling and Decision Context.
_920717
650 _aElasticity and Demand Specification.
_920718
700 _aDash, Manoj Kumar.
_920719
942 _2ddc
_cBK
_e1st
_k658.001 BEGM
999 _c204790
_d204790